Structure and Design / (Record no. 5399)

MARC details
000 -LEADER
fixed length control field 00561nam a2200193 ar4500
001 - CONTROL NUMBER
control field 5402
005 - DATE AND TIME OF LATEST TRANSACTION
control field 20221127091135.0
008 - FIXED-LENGTH DATA ELEMENTS--GENERAL INFORMATION
fixed length control field 051822s ||| 00010|eng d
020 ## - INTERNATIONAL STANDARD BOOK NUMBER
International Standard Book Number 9781516522989 (pbk)
Canceled/invalid ISBN SR 640
082 04 - DEWEY DECIMAL CLASSIFICATION NUMBER
Classification number 624.1771 Sch137 2018
100 1# - MAIN ENTRY--PERSONAL NAME
Personal name Schierle G.G
245 10 - TITLE STATEMENT
Title Structure and Design /
Statement of responsibility, etc. G. G. Schierle,
250 ## - EDITION STATEMENT
Edition statement 1st.ed.
260 ## - PUBLICATION, DISTRIBUTION, ETC.
Place of publication, distribution, etc. San Diego. CA,
Name of publisher, distributor, etc. Congella Academic Publishers,
Date of publication, distribution, etc. 2018
300 ## - PHYSICAL DESCRIPTION
Extent 615 p.
Other physical details ill.col.
Dimensions 27 cm.
500 ## - GENERAL NOTE
General note Include bibl.references and index
650 #4 - SUBJECT ADDED ENTRY--TOPICAL TERM
Topical term or geographic name entry element Structural design,
650 #4 - SUBJECT ADDED ENTRY--TOPICAL TERM
Topical term or geographic name entry element Building
Holdings
Withdrawn status Lost status Source of classification or shelving scheme Damaged status Not for loan Home library Current library Date acquired Total Checkouts Full call number Barcode Date last seen Copy number Price effective from Koha item type
              11/27/2022   624.1771 Sch137 2018 1000000024001 11/27/2022 C1 11/27/2022 Book